|
|
|
|
| LEADER |
00000cam a22000004a 4500 |
| 001 |
musev2_52879 |
| 003 |
MdBmJHUP |
| 005 |
20230905045635.0 |
| 006 |
m o d |
| 007 |
cr||||||||nn|n |
| 008 |
001009s1994 nvu o 00 0 eng d |
| 020 |
|
|
|a 9780874174106
|
| 020 |
|
|
|z 9780874172256
|
| 035 |
|
|
|a (OCoLC)1017612102
|
| 040 |
|
|
|a MdBmJHUP
|c MdBmJHUP
|
| 100 |
1 |
|
|a Haslam, Gerald W.
|
| 245 |
1 |
4 |
|a The Other California :
|b The Great Central Valley In Life And Letters /
|c Gerald W. Haslam.
|
| 250 |
|
|
|a [Enl. ed.].
|
| 264 |
|
1 |
|a Reno, Nev. :
|b University of Nevada Press,
|c 1994.
|
| 264 |
|
3 |
|a Baltimore, Md. :
|b Project MUSE,
|c 2018
|
| 264 |
|
4 |
|c ©1994.
|
| 300 |
|
|
|a 1 online resource (240 pages).
|
| 336 |
|
|
|a text
|b txt
|2 rdacontent
|
| 337 |
|
|
|a computer
|b c
|2 rdamedia
|
| 338 |
|
|
|a online resource
|b cr
|2 rdacarrier
|
| 490 |
0 |
|
|a Western literature series
|
| 505 |
0 |
|
|a Cover Page; Title Page; Copyright Page; Dedication; Contents; Foreword; The Other California; The Lake That Will Not Die; The Water Game; The Kern, My River; California's Literary Landscape; Other Voices, Other Lives; The Grapes of Wrath: A Book That Stretched My Soul; Father Comes Home; What about the Okies?; Oil Town Rumble: The Young Men of Taft; William Saroyan and the Critics; Remembering Hutch; Bronzing the Valley; The Bakersfield Sound; Leon Patterson's Short Season; Oildale; The Home; Visions of the Valley; Other Californians; Credits.
|
| 588 |
|
|
|a Description based on print version record.
|
| 651 |
|
7 |
|a California
|z Central Valley (Valley)
|2 fast
|0 (OCoLC)fst01333899
|
| 651 |
|
6 |
|a Grande Vallee (Calif.)
|v Anthologies.
|
| 651 |
|
6 |
|a Grande Vallee (Calif.)
|x Moeurs et coutumes.
|
| 651 |
|
6 |
|a Grande Vallee (Calif.)
|x Descriptions et voyages.
|
| 651 |
|
0 |
|a Central Valley (Calif. : Valley)
|v Literary collections.
|
| 651 |
|
0 |
|a Central Valley (Calif. : Valley)
|x Social life and customs.
|
| 651 |
|
0 |
|a Central Valley (Calif. : Valley)
|x Description and travel.
|
| 650 |
|
7 |
|a Travel.
|2 fast
|0 (OCoLC)fst01155558
|
| 650 |
|
7 |
|a Manners and customs.
|2 fast
|0 (OCoLC)fst01007815
|
| 650 |
|
7 |
|a HISTORY
|x State & Local
|x General.
|2 bisacsh
|
| 655 |
|
7 |
|a Literary collections.
|2 fast
|0 (OCoLC)fst01423811
|
| 655 |
|
7 |
|a Electronic books.
|2 local
|
| 710 |
2 |
|
|a Project Muse.
|e distributor
|
| 830 |
|
0 |
|a Book collections on Project MUSE.
|
| 856 |
4 |
0 |
|z Texto completo
|u https://projectmuse.uam.elogim.com/book/52879/
|
| 945 |
|
|
|a Project MUSE - Custom Collection
|
| 945 |
|
|
|a Project MUSE - Archive Complete Supplement VI
|
| 945 |
|
|
|a Project MUSE - Archive US Regional Studies, West Supplement VI
|